[Event "SVK-chT2D 1718"]
[White "Kardis, Benjamin"]
[Black "Perhacs, Gejza"]
[Site "Slovakia"]
[Round "7.6"]
[Result "1/2-1/2"]
[Date "2018.02.04"]
[WhiteElo "1820"]
[BlackElo "1905"]
[PlyCount "53"]
[EventDate "2017.10.28"]
[EventType "team-tourn"]
[EventRounds "11"]
[EventCountry "SVK"]
[SourceTitle "EXT 2019"]
[Source "ChessBase"]
[SourceDate "2018.10.10"]
[SourceVersion "1"]
[SourceVersionDate "2018.10.10"]
[SourceQuality "1"]
[WhiteTeam "Presov Slavia"]
[BlackTeam "Velke Kapusany"]
[WhiteTeamCountry "SVK"]
[BlackTeamCountry "SVK"]

1. e4 c5 2. d4 cxd4 3. c3 d3 4. Bxd3 d6 5. Nf3 Nc6 6. h3 Nf6 7. Bg5 e6 8. Nbd2 Be7 9. Qe2 Qc7 10. 0-0 a6 11. Nc4 b5 12. Ne3 Bb7 13. Rac1 0-0 14. Bb1 Nd7 15. Bxe7 Nxe7 16. Rfd1 d5 17. exd5 Nxd5 18. Rd4 N7f6 19. Ng4 Nxg4 20. Rxg4 Nf6 21. Rh4 Qc6 22. Rf4 Nh5 23. Rh4 Nf6 24. Rf4 Nh5 25. Rg4 Nf6 26. Nd4 Qd5 27. Rg3 1/2-1/2

[Event "SVK-chT2D 1617"]
[White "Nadzamova, Viktoria"]
[Black "Perhacs, Gejza"]
[Site "Slovakia"]
[Round "4.6"]
[Result "1/2-1/2"]
[Date "2016.11.06"]
[WhiteElo "1750"]
[BlackElo "1900"]
[PlyCount "67"]
[EventDate "2016.10.08"]
[EventType "team-tourn"]
[EventRounds "11"]
[EventCountry "SVK"]
[SourceTitle "EXT 2018"]
[Source "ChessBase"]
[SourceDate "2017.10.13"]
[SourceVersion "1"]
[SourceVersionDate "2017.10.13"]
[SourceQuality "1"]
[WhiteTeam "Kosice 1 CC"]
[BlackTeam "Velke Kapusany"]
[WhiteTeamCountry "SVK"]
[BlackTeamCountry "SVK"]

1. e4 c5 2. Nf3 d6 3. d4 cxd4 4. Nxd4 Nf6 5. Nc3 a6 6. f3 e6 7. Be3 Qc7 8. Qd2 Nc6 9. 0-0-0 Be7 10. g4 h6 11. h4 b5 12. Rg1 Nd7 13. Qf2 Bb7 14. Kb1 Rc8 15. Bh3 Nc5 16. Rd2 Ne5 17. Bf1 b4 18. Nd1 d5 19. exd5 Bxd5 20. Nf5 Bxa2+ 21. Kxa2 Qa5+ 22. Kb1 exf5 23. Bf4 b3 24. Nc3 bxc2+ 25. Rxc2 Nb3 26. Na2 0-0 27. gxf5 Bc5 28. Bxe5 Bxf2 29. Rxg7+ Kh8 30. Bf6 Qe1+ 31. Nc1 Qxf1 32. Rg5+ Kh7 33. Rg7+ Kh8 34. Rg5+ 1/2-1/2

[Event "SVK-chT2D 1516"]
[White "Vasilik, Jozef"]
[Black "Perhacs, Gejza"]
[Site "Slovakia"]
[Round "6.6"]
[Result "0-1"]
[Date "2015.12.06"]
[WhiteElo "1422"]
[BlackElo "1903"]
[PlyCount "68"]
[EventDate "2015.10.17"]
[EventType "team-tourn"]
[EventRounds "11"]
[EventCountry "SVK"]
[SourceTitle "CBM 170 Extra"]
[Source "ChessBase"]
[SourceDate "2016.02.25"]
[SourceVersion "1"]
[SourceVersionDate "2016.02.25"]
[SourceQuality "1"]
[WhiteTeam "Stara Lubovna SO II"]
[BlackTeam "Velke Kapusany"]
[WhiteTeamCountry "SVK"]
[BlackTeamCountry "SVK"]

1. e4 c5 2. Bc4 e6 3. Nf3 a6 4. a3 b5 5. Ba2 Bb7 6. d3 Qc7 7. c4 d6 8. Nc3 Bc6 9. a4 b4 10. Ne2 Nf6 11. Bb1 Be7 12. b3 0-0 13. 0-0 e5 14. Ng3 g6 15. Bg5 Ne8 16. Bh6 Ng7 17. Qd2 Bd7 18. Bc2 Nc6 19. Bd1 f6 20. Bxg7 Kxg7 21. h3 f5 22. exf5 gxf5 23. Nh5+ Kh8 24. Qh6 Rg8 25. Nf6 Bxf6 26. Qxf6+ Rg7 27. Ng5 Kg8 28. Bh5 Rf8 29. Qh6 Nd4 30. Rab1 f4 31. Bg4 Bxg4 32. hxg4 Rg6 33. Qh5 Qg7 34. Ne4 Ne2+ 0-1

[Event "SVK-chT2D 1516"]
[White "Nadzamova, Sofia"]
[Black "Perhacs, Gejza"]
[Site "Slovakia"]
[Round "3.7"]
[Result "1/2-1/2"]
[Date "2015.11.07"]
[WhiteElo "1808"]
[BlackElo "1905"]
[PlyCount "24"]
[EventDate "2015.10.17"]
[EventType "team-tourn"]
[EventRounds "11"]
[EventCountry "SVK"]
[SourceTitle "CBM 169 Extra"]
[Source "ChessBase"]
[SourceDate "2015.12.18"]
[SourceVersion "1"]
[SourceVersionDate "2015.12.18"]
[SourceQuality "1"]
[WhiteTeam "Kosice Slavia IV"]
[BlackTeam "Velke Kapusany"]
[WhiteTeamCountry "SVK"]
[BlackTeamCountry "SVK"]

1. e4 c5 2. c3 d5 3. exd5 Qxd5 4. d4 cxd4 5. cxd4 Nc6 6. Nf3 e6 7. Nc3 Qd8 8. Bd3 Nf6 9. Bg5 Be7 10. Rg1 0-0 11. Rc1 Nd5 12. Bxe7 Qxe7 1/2-1/2

[Event "SVK-chT2D 14/15"]
[White "Perhacs, Gejza"]
[Black "Mrva, Vladimir"]
[Site "Slovakia"]
[Round "9.5"]
[Result "0-1"]
[Date "2015.02.15"]
[WhiteElo "1914"]
[BlackElo "2142"]
[PlyCount "96"]
[EventDate "2014.10.11"]
[EventType "team-tourn"]
[EventRounds "11"]
[EventCountry "SVK"]
[SourceTitle "EXT 2019"]
[Source "ChessBase"]
[SourceDate "2018.10.10"]
[SourceVersion "1"]
[SourceVersionDate "2018.10.10"]
[SourceQuality "1"]
[WhiteTeam "Velke Kapusany Energetik"]
[BlackTeam "Sabinov II"]
[WhiteTeamCountry "SVK"]
[BlackTeamCountry "SVK"]

1. d4 Nf6 2. Nf3 e6 3. c4 b6 4. g3 Bb7 5. Bg2 Be7 6. 0-0 0-0 7. Nbd2 c5 8. b3 d6 9. Bb2 Nbd7 10. Re1 Qc7 11. Rc1 Rfd8 12. e4 cxd4 13. Nxd4 a6 14. Qe2 g6 15. Kh1 Bf8 16. f4 Bh6 17. f5 e5 18. Nc2 Nc5 19. fxg6 fxg6 20. Ne3 Qd7 21. Nd5 Bxd5 22. exd5 Rf8 23. Rcd1 Ng4 24. Bh3 Nf2+ 25. Qxf2 Qxh3 26. Qe2 Nd3 27. Ne4 Nxe1 28. Rxe1 Rad8 29. Ba3 Qf5 30. Nxd6 Qf2 31. Qxe5 Qf3+ 32. Kg1 Qf2+ 33. Kh1 Qf3+ 34. Kg1 Bg7 35. Qe6+ Kh8 36. Qe4 Qf2+ 37. Kh1 Qxa2 38. Qe7 Qf2 39. Qe4 Qf3+ 40. Qxf3 Rxf3 41. Nb7 Rb8 42. Re7 Bf8 43. Bb2+ Kg8 44. Rc7 Rf7 45. d6 Rxb7 46. Rc8 Rfd7 47. Be5 Kf7 48. Rc6 Ke6 0-1

[Event "SVK-chT2D 14/15"]
[White "Panko, Radoslav"]
[Black "Perhacs, Gejza"]
[Site "Slovakia"]
[Round "8.5"]
[Result "1-0"]
[Date "2015.02.14"]
[WhiteElo "1849"]
[BlackElo "1914"]
[PlyCount "107"]
[EventDate "2014.10.11"]
[EventType "team-tourn"]
[EventRounds "11"]
[EventCountry "SVK"]
[SourceTitle "EXT 2019"]
[Source "ChessBase"]
[SourceDate "2018.10.10"]
[SourceVersion "1"]
[SourceVersionDate "2018.10.10"]
[SourceQuality "1"]
[WhiteTeam "Bardejov BSK"]
[BlackTeam "Velke Kapusany Energetik"]
[WhiteTeamCountry "SVK"]
[BlackTeamCountry "SVK"]

1. d4 Nf6 2. Bg5 d5 3. Bxf6 exf6 4. e3 c6 5. Nd2 Bd6 6. g3 Be6 7. Bg2 f5 8. Ne2 Nd7 9. f3 Nf6 10. c4 Ne4 11. c5 Bc7 12. b4 a5 13. a3 Nxd2 14. Kxd2 g5 15. f4 f6 16. Nc3 b5 17. cxb6 Bxb6 18. h4 gxf4 19. gxf4 Ke7 20. Qb3 Rg8 21. Bf3 Qd6 22. Ne2 Rg7 23. Rhg1 Rag8 24. Rxg7+ Rxg7 25. Qc3 Qc7 26. Rc1 Kd6 27. Ke1 Rg8 28. Kf2 Ra8 29. Ng3 axb4 30. axb4 Ra2+ 31. Rc2 Rxc2+ 32. Qxc2 Qd7 33. Be2 Qa7 34. Qd2 Qg7 35. Qc2 Qg6 36. h5 Qf7 37. Bd3 Qd7 38. Bxf5 Bd8 39. Qc5+ Kc7 40. Bxh7 Kb7 41. Bg6 Be7 42. Qc3 Bf8 43. f5 Bg8 44. Ne2 Qe7 45. Nc1 Qe4 46. Nb3 Qh4+ 47. Ke2 Qg4+ 48. Kd3 Qe4+ 49. Kd2 Qg2+ 50. Kc1 Kb6 51. Nd2 Kb5 52. Be8 Kb6 53. Qxc6+ Ka7 54. Qc7+ 1-0

[Event "SVK-chT2D 14/15"]
[White "Gallik, Dalibor"]
[Black "Perhacs, Gejza"]
[Site "Slovakia"]
[Round "7.6"]
[Result "0-1"]
[Date "2015.02.01"]
[WhiteElo "1814"]
[BlackElo "1914"]
[PlyCount "62"]
[EventDate "2014.10.11"]
[EventType "team-tourn"]
[EventRounds "11"]
[EventCountry "SVK"]
[SourceTitle "EXT 2019"]
[Source "ChessBase"]
[SourceDate "2018.10.10"]
[SourceVersion "1"]
[SourceVersionDate "2018.10.10"]
[SourceQuality "1"]
[WhiteTeam "Spisska Stara Ves"]
[BlackTeam "Velke Kapusany Energetik"]
[WhiteTeamCountry "SVK"]
[BlackTeamCountry "SVK"]

1. e4 c5 2. Nf3 d6 3. d4 cxd4 4. Nxd4 Nf6 5. Nc3 a6 6. Bd3 e6 7. g4 Nc6 8. Nxc6 bxc6 9. g5 Nd7 10. Be3 d5 11. f4 Bb4 12. Bd2 Nc5 13. a3 Nxd3+ 14. cxd3 Be7 15. Qf3 Qb6 16. Ne2 d4 17. b4 Bb7 18. Kf2 0-0 19. h4 f5 20. gxf6 Rxf6 21. Ng3 Raf8 22. Nh5 R6f7 23. Rag1 Bd6 24. Qg4 Qc7 25. Qxe6 Kh8 26. Ke2 Bc8 27. Qc4 Bxf4 28. Bxf4 Rxf4 29. Nxf4 Qxf4 30. Qxd4 Bg4+ 31. Ke1 Qc1# 0-1

[Event "SVK-chT2D 14/15"]
[White "Kall, Dusan"]
[Black "Perhacs, Gejza"]
[Site "Slovakia"]
[Round "1.5"]
[Result "0-1"]
[Date "2014.10.11"]
[WhiteElo "1847"]
[BlackElo "1914"]
[PlyCount "108"]
[EventDate "2014.10.11"]
[EventType "team-tourn"]
[EventRounds "11"]
[EventCountry "SVK"]
[SourceTitle "EXT 2019"]
[Source "ChessBase"]
[SourceDate "2018.10.10"]
[SourceVersion "1"]
[SourceVersionDate "2018.10.10"]
[SourceQuality "1"]
[WhiteTeam "Presov Tatran Dason"]
[BlackTeam "Velke Kapusany Energetik"]
[WhiteTeamCountry "SVK"]
[BlackTeamCountry "SVK"]

1. e4 c5 2. Nf3 d6 3. d4 cxd4 4. Nxd4 Nf6 5. Nc3 a6 6. Be2 Qc7 7. 0-0 e6 8. Be3 b5 9. a3 Bb7 10. Bd3 d5 11. exd5 Nxd5 12. Nxd5 Bxd5 13. f4 Nd7 14. f5 e5 15. Nb3 Nf6 16. Bg5 Rd8 17. Qe2 Bd6 18. Nd2 Qc6 19. Rae1 Rc8 20. Nf3 Nd7 21. Nd2 f6 22. Bh4 0-0 23. Be4 Bxe4 24. Nxe4 Be7 25. c3 Nb6 26. Rf3 Qc4 27. Qf2 Nd5 28. Qg3 Rf7 29. Qh3 Nf4 30. Qg4 h5 31. Qg3 Ne2+ 32. Rxe2 Qxe2 33. Re3 Qg4 34. Qf2 Rd8 35. h3 Qd1+ 36. Kh2 Qd5 37. Qf3 Qd1 38. Qxd1 Rxd1 39. Re2 Bf8 40. Ng3 Rfd7 41. Nxh5 R7d2 42. Re3 Rxb2 43. Rg3 Kf7 44. Rg6 e4 45. Bxf6 Bd6+ 46. Ng3 gxf6 47. h4 Rd3 48. h5 Rxg3 49. Rxg3 Bxg3+ 50. Kxg3 e3 51. Kf3 e2 52. Kf2 Kg7 53. g4 e1Q+ 54. Kxe1 Rc2 0-1

[Event "SVK-chT2D 1314"]
[White "Kneznik, Frantisek"]
[Black "Perhacs, Gejza"]
[Site "Slovakia"]
[Round "10.5"]
[Result "1-0"]
[Date "2014.03.15"]
[WhiteElo "2088"]
[BlackElo "1930"]
[PlyCount "79"]
[EventDate "2013.10.19"]
[EventType "team-tourn"]
[EventRounds "11"]
[EventCountry "SVK"]
[SourceTitle "EXT 2015"]
[Source "ChessBase"]
[SourceDate "2014.11.20"]
[SourceVersion "1"]
[SourceVersionDate "2014.11.20"]
[SourceQuality "1"]
[WhiteTeam "Margecany"]
[BlackTeam "Velke Kapusany"]
[WhiteTeamCountry "SVK"]
[BlackTeamCountry "SVK"]

1. Nf3 d5 2. g3 Nf6 3. Bg2 g6 4. 0-0 Bg7 5. c4 c6 6. cxd5 cxd5 7. d4 0-0 8. Nc3 Nc6 9. Ne5 e6 10. Bg5 h6 11. Bf4 Nh5 12. Nxc6 bxc6 13. Be3 Nf6 14. h3 Nd7 15. Qd2 Kh7 16. Rfc1 Qa5 17. a3 Bb7 18. b4 Qa6 19. a4 Nb6 20. Bf4 Nc4 21. Qd3 Qb6 22. Be3 Qxb4 23. Rab1 Qe7 24. Rb3 a5 25. Bf4 Ba6 26. g4 Qf6 27. e3 Rfc8 28. Qd1 Qe7 29. Bf1 e5 30. dxe5 Bxe5 31. Bxe5 Qxe5 32. Ne2 c5 33. Nf4 Rd8 34. Bg2 Nb2 35. Rxb2 Qxb2 36. Rxc5 Qb6 37. Rxd5 Bb7 38. Rd7 Rxd7 39. Qxd7 Bxg2 40. Qxf7+ 1-0

[Event "SVK-chT2D 1314"]
[White "Perhacs, Gejza"]
[Black "Krajnik, Richard"]
[Site "Slovakia"]
[Round "7.5"]
[Result "0-1"]
[Date "2014.02.01"]
[WhiteElo "1930"]
[BlackElo "1823"]
[PlyCount "174"]
[EventDate "2013.10.19"]
[EventType "team-tourn"]
[EventRounds "11"]
[EventCountry "SVK"]
[SourceTitle "EXT 2015"]
[Source "ChessBase"]
[SourceDate "2014.11.20"]
[SourceVersion "1"]
[SourceVersionDate "2014.11.20"]
[SourceQuality "1"]
[WhiteTeam "Velke Kapusany"]
[BlackTeam "Kosice Slavia UPJS III"]
[WhiteTeamCountry "SVK"]
[BlackTeamCountry "SVK"]

1. Nf3 Nf6 2. d4 e6 3. g3 c5 4. Bg2 Nc6 5. c4 cxd4 6. Nxd4 Bb4+ 7. Nc3 Ne5 8. Qb3 Bxc3+ 9. Qxc3 0-0 10. 0-0 d6 11. Rd1 Qb6 12. b3 Bd7 13. Be3 Qa6 14. Qb4 Rac8 15. h3 d5 16. cxd5 Nxd5 17. Qd2 Nxe3 18. Qxe3 Nc6 19. Nxc6 Bxc6 20. Rd6 Qa3 21. Qd2 Bd5 22. Rd7 Bxg2 23. Kxg2 Qa6 24. Rd1 Qc6+ 25. Kg1 a6 26. a4 h6 27. Qb4 b5 28. a5 Qc2 29. R1d2 Qf5 30. Kg2 Rc2 31. Qd4 Rxd2 32. Qxd2 Qc5 33. e3 b4 34. Rd4 Qxa5 35. Qxb4 Qe5 36. Qb7 a5 37. Ra4 Rd8 38. Rf4 Qd5+ 39. Qxd5 Rxd5 40. Rd4 Rb5 41. Rd8+ Kh7 42. Rd3 Kg6 43. Kf3 Kf5 44. e4+ Ke5 45. Ke3 g5 46. f4+ gxf4+ 47. gxf4+ Kf6 48. Kd2 Rb4 49. Re3 e5 50. f5 Kg5 51. Rg3+ Kf4 52. Rg4+ Kf3 53. Rg7 Rxb3 54. Rxf7 Kxe4 55. f6 Rxh3 56. Ra7 Rf3 57. f7 h5 58. Rxa5 Rxf7 59. Ke2 Rb7 60. Ra4+ Kf5 61. Ra8 h4 62. Rh8 Rb4 63. Rh5+ Ke6 64. Rh6+ Kd5 65. Rh5 Rf4 66. Ke3 Ra4 67. Ke2 Re4+ 68. Kd3 Rg4 69. Ke3 Ra4 70. Ke2 Ra2+ 71. Ke1 Rh2 72. Kf1 Kd4 73. Kg1 Rh3 74. Kg2 Rg3+ 75. Kf2 Rg4 76. Rh8 Rf4+ 77. Ke2 Ke4 78. Rg8 Kf5 79. Ke3 Ra4 80. Rh8 Ra3+ 81. Kf2 h3 82. Rh5+ Kf4 83. Rh4+ Kg5 84. Rh8 Kg4 85. Rg8+ Kf4 86. Rh8 Ra2+ 87. Ke1 h2 0-1

[Event "SVK-chT2D 1314"]
[White "Balazs, Attila"]
[Black "Perhacs, Gejza"]
[Site "Slovakia"]
[Round "6.5"]
[Result "1-0"]
[Date "2014.01.12"]
[WhiteElo "1952"]
[BlackElo "1930"]
[PlyCount "123"]
[EventDate "2013.10.19"]
[EventType "team-tourn"]
[EventRounds "11"]
[EventCountry "SVK"]
[SourceTitle "EXT 2015"]
[Source "ChessBase"]
[SourceDate "2014.11.20"]
[SourceVersion "1"]
[SourceVersionDate "2014.11.20"]
[SourceQuality "1"]
[WhiteTeam "Kosice Slavia TU IV"]
[BlackTeam "Velke Kapusany"]
[WhiteTeamCountry "SVK"]
[BlackTeamCountry "SVK"]

1. e4 c6 2. d4 Na6 3. Nf3 Nc7 4. Bd3 d5 5. 0-0 dxe4 6. Bxe4 Nf6 7. Bd3 Bg4 8. c3 e6 9. h3 Bxf3 10. Qxf3 Qd5 11. Nd2 Qxf3 12. Nxf3 Bd6 13. Re1 h6 14. Bd2 0-0-0 15. Ne5 Rdf8 16. b4 Nd7 17. Nc4 Be7 18. f4 Nb6 19. f5 Nxc4 20. Bxc4 Kd7 21. Bd3 exf5 22. Bxf5+ Kd8 23. Re2 Bf6 24. Rae1 Re8 25. Bd3 Rxe2 26. Rxe2 Re8 27. Kf1 Rxe2 28. Kxe2 Ke7 29. Bc4 Nd5 30. a4 g5 31. g3 Kd6 32. Bb3 Bd8 33. c4 Nc7 34. Bc2 Ke6 35. g4 Kd6 36. Be1 Ne6 37. Ke3 Ke7 38. Bg3 Bc7 39. Bxc7 Nxc7 40. Bf5 b6 41. Be4 Kd7 42. Kd3 Ne8 43. b5 cxb5 44. axb5 Kd6 45. Bd5 Ke7 46. c5 Nc7 47. Bc4 bxc5 48. dxc5 f6 49. Kd4 Na8 50. Bd3 Nc7 51. Bf1 Ne6+ 52. Kd5 Nd8 53. Bd3 Kd7 54. Bf5+ Kc7 55. Be6 Nb7 56. Bf7 Nd8 57. Be8 Nb7 58. Bg6 Nd8 59. Be4 Kd7 60. Kc4 Ne6 61. Bf5 Ke7 62. Bxe6 1-0

[Event "SVK-chT2D 1314"]
[White "Zido, Peter"]
[Black "Perhacs, Gejza"]
[Site "Slovakia"]
[Round "5.5"]
[Result "1/2-1/2"]
[Date "2014.01.11"]
[WhiteElo "1925"]
[BlackElo "1930"]
[PlyCount "30"]
[EventDate "2013.10.19"]
[EventType "team-tourn"]
[EventRounds "11"]
[EventCountry "SVK"]
[SourceTitle "EXT 2015"]
[Source "ChessBase"]
[SourceDate "2014.11.20"]
[SourceVersion "1"]
[SourceVersionDate "2014.11.20"]
[SourceQuality "1"]
[WhiteTeam "Humenne II"]
[BlackTeam "Velke Kapusany"]
[WhiteTeamCountry "SVK"]
[BlackTeamCountry "SVK"]

1. e4 c6 2. b3 d5 3. exd5 cxd5 4. Bb2 Nf6 5. Nf3 g6 6. Bb5+ Bd7 7. Bxd7+ Nbxd7 8. 0-0 Bg7 9. d4 0-0 10. Nbd2 b5 11. Re1 e6 12. a4 b4 13. c4 bxc3 14. Bxc3 Qc7 15. Rc1 Rfc8 1/2-1/2

[Event "SVK-chT2D 1314"]
[White "Pankovic, Jan"]
[Black "Perhacs, Gejza"]
[Site "Slovakia"]
[Round "4.5"]
[Result "1/2-1/2"]
[Date "2013.11.24"]
[WhiteElo "2050"]
[BlackElo "1930"]
[PlyCount "29"]
[EventDate "2013.10.19"]
[EventType "team-tourn"]
[EventRounds "11"]
[EventCountry "SVK"]
[SourceTitle "EXT 2015"]
[Source "ChessBase"]
[SourceDate "2014.11.20"]
[SourceVersion "1"]
[SourceVersionDate "2014.11.20"]
[SourceQuality "1"]
[WhiteTeam "Kosice Tahanovce"]
[BlackTeam "Velke Kapusany"]
[WhiteTeamCountry "SVK"]
[BlackTeamCountry "SVK"]

1. d4 Nf6 2. c4 g6 3. Nf3 Bg7 4. Nc3 0-0 5. e4 d6 6. Be2 Nbd7 7. 0-0 e5 8. d5 Nc5 9. Qc2 a5 10. Bg5 h6 11. Bh4 g5 12. Bg3 Nh5 13. Ne1 Nf4 14. Nd3 Nxe2+ 15. Qxe2 1/2-1/2

[Event "SVK-chT2D 1112"]
[White "Marvanyi, Milan"]
[Black "Perhacs, Gejza"]
[Site "Slovakia"]
[Round "8.4"]
[Result "0-1"]
[Date "2012.01.28"]
[WhiteElo "1823"]
[BlackElo "1967"]
[PlyCount "84"]
[EventDate "2011.10.08"]
[EventType "team-tourn"]
[EventRounds "11"]
[EventCountry "SVK"]
[SourceTitle "EXT 2013"]
[Source "ChessBase"]
[SourceDate "2012.11.22"]
[SourceVersion "1"]
[SourceVersionDate "2012.11.22"]
[SourceQuality "1"]
[WhiteTeam "Presov Tatran"]
[BlackTeam "Velke Kapusany"]
[WhiteTeamCountry "SVK"]
[BlackTeamCountry "SVK"]

1. d4 Nf6 2. c4 g6 3. Nc3 Bg7 4. e4 d6 5. Nge2 0-0 6. Ng3 Nbd7 7. Be2 e5 8. d5 a5 9. a4 Nc5 10. 0-0 Ne8 11. f3 f5 12. exf5 gxf5 13. Bd2 Bf6 14. Be1 Ng7 15. Rb1 Bd7 16. b3 Be8 17. Bd3 Nxd3 18. Qxd3 Bg6 19. Rd1 Kf7 20. Qe2 h5 21. h3 h4 22. Nh1 Nh5 23. Bd2 Rg8 24. Rfe1 Bg5 25. Bxg5 Qxg5 26. Qf1 Nf4 27. Kh2 Bh7 28. Re2 Nxe2 29. Nxe2 Qe3 30. Nc1 Rg7 31. Rd3 Qg5 32. f4 exf4 33. Ne2 Rag8 34. g3 fxg3+ 35. Nhxg3 hxg3+ 36. Nxg3 Re8 37. Rf3 Re5 38. Qf2 Qe7 39. Rf4 Bg6 40. h4 Rh7 41. h5 Ke8 42. Kg1 Rxh5 0-1

[Event "SVK-chT2D 1112"]
[White "Jacko, Vladimir"]
[Black "Perhacs, Gejza"]
[Site "Slovakia"]
[Round "1.1"]
[Result "1-0"]
[Date "2011.10.08"]
[WhiteElo "2026"]
[BlackElo "1967"]
[PlyCount "56"]
[EventDate "2011.10.08"]
[EventType "team-tourn"]
[EventRounds "11"]
[EventCountry "SVK"]
[SourceTitle "EXT 2013"]
[Source "ChessBase"]
[SourceDate "2012.11.22"]
[SourceVersion "1"]
[SourceVersionDate "2012.11.22"]
[SourceQuality "1"]
[WhiteTeam "Presov Tatran Dason"]
[BlackTeam "Velke Kapusany"]
[WhiteTeamCountry "SVK"]
[BlackTeamCountry "SVK"]

1. c4 Nf6 2. Nc3 g6 3. e4 d6 4. h3 Bg7 5. g3 Nc6 6. d4 e5 7. Nge2 Nd7 8. Be3 0-0 9. Bg2 exd4 10. Nxd4 Nde5 11. b3 Nxd4 12. Bxd4 c5 13. Bxe5 Bxe5 14. Rc1 Be6 15. 0-0 Qd7 16. Kh2 a6 17. f4 Bd4 18. Qf3 f5 19. exf5 Bxf5 20. Qd5+ Kg7 21. Ne2 Bf6 22. g4 Be6 23. Qxb7 Ra7 24. Qf3 Kh8 25. Rcd1 Qe7 26. Rfe1 Rd7 27. Qe3 Qf7 28. Ng3 Bd4 1-0

[Event "SVK-chT2D 10/11"]
[White "Nemergut, Patrik"]
[Black "Perhacs, Gejza"]
[Site "Slovakia"]
[Round "8.2"]
[Result "1-0"]
[Date "2011.03.05"]
[WhiteElo "1745"]
[BlackElo "2015"]
[PlyCount "123"]
[EventDate "2010.10.23"]
[EventType "team-tourn"]
[EventRounds "11"]
[EventCountry "SVK"]
[SourceTitle "EXT 2019"]
[Source "ChessBase"]
[SourceDate "2018.10.10"]
[SourceVersion "1"]
[SourceVersionDate "2018.10.10"]
[SourceQuality "1"]
[WhiteTeam "Stara Lubovna"]
[BlackTeam "Velke Kapusany"]
[WhiteTeamCountry "SVK"]
[BlackTeamCountry "SVK"]

1. e4 c5 2. d4 cxd4 3. Nf3 e6 4. Nxd4 a6 5. Nc3 Qc7 6. Be2 Nf6 7. 0-0 Be7 8. Kh1 d6 9. f4 Nc6 10. Be3 e5 11. fxe5 Nxe5 12. Nf5 Bxf5 13. Rxf5 0-0 14. g4 Qc6 15. Nd5 Nxd5 16. exd5 Qa4 17. Bd4 f6 18. b3 Qd7 19. Rh5 g6 20. Rh3 Rae8 21. c4 Rf7 22. Rc1 Ref8 23. Re3 f5 24. Bxe5 dxe5 25. Rxe5 Ba3 26. Rb1 fxg4 27. Re6 Rf2 28. Bxg4 Qc7 29. d6 Rf1+ 30. Qxf1 Rxf1+ 31. Rxf1 Bxd6 32. Bf3 Bxh2 33. Bd5 Kg7 34. Re2 Bd6 35. Rf7+ Qxf7 36. Bxf7 Kxf7 37. Kg2 b6 38. Kf3 h5 39. Ke4 h4 40. Kd5 Bc5 41. Ke4 Kg7 42. Kf4 Kf6 43. Kg4 g5 44. Re8 a5 45. Re1 Bb4 46. Rf1+ Kg6 47. Rf3 Ba3 48. Rf5 Bc1 49. c5 bxc5 50. Rxc5 Bd2 51. Rc6+ Kf7 52. a3 Ke7 53. Rc2 Bf4 54. b4 axb4 55. axb4 Kd7 56. b5 Be3 57. Rc3 Bf4 58. b6 Kd8 59. b7 Bc7 60. Rd3+ Ke7 61. Kxg5 h3 62. Rxh3 1-0

[Event "SVK-chT2D 10/11"]
[White "Perhacs, Gejza"]
[Black "Adzima, Miroslav"]
[Site "Slovakia"]
[Round "2.5"]
[Result "0-1"]
[Date "2010.10.24"]
[WhiteElo "2015"]
[BlackElo "2005"]
[PlyCount "112"]
[EventDate "2010.10.23"]
[EventType "team-tourn"]
[EventRounds "11"]
[EventCountry "SVK"]
[SourceTitle "EXT 2019"]
[Source "ChessBase"]
[SourceDate "2018.10.10"]
[SourceVersion "1"]
[SourceVersionDate "2018.10.10"]
[SourceQuality "1"]
[WhiteTeam "Velke Kapusany"]
[BlackTeam "Presov Tatran"]
[WhiteTeamCountry "SVK"]
[BlackTeamCountry "SVK"]

1. d4 Nf6 2. c4 e5 3. d5 Bc5 4. e3 d6 5. Be2 0-0 6. Nf3 Bf5 7. a3 a5 8. Nc3 h6 9. 0-0 Nbd7 10. Nd2 e4 11. Nb3 Re8 12. Nxc5 Nxc5 13. Na4 Nxa4 14. Qxa4 Nd7 15. Qd1 Ne5 16. b3 Qh4 17. Bb2 Bg4 18. Bxe5 Bxe2 19. Qxe2 Rxe5 20. b4 b6 21. Rfd1 Qe7 22. b5 Re8 23. g3 h5 24. h4 Rf5 25. Kg2 Re5 26. Rh1 Qd7 27. a4 Qf5 28. Rad1 Qg6 29. Rdg1 Rf5 30. Rd1 Rf3 31. Qb2 Qg4 32. Rdf1 Re5 33. Qd2 Ref5 34. Qe1 Rf6 35. Rh3 R3f5 36. Rh2 Rg6 37. Qd1 Rf3 38. Qe1 Qf5 39. Qe2 Qe5 40. Rc1 Rgf6 41. Kg1 Qf5 42. Rf1 Rg6 43. Qe1 Rh6 44. Kg2 Qg4 45. Qd2 f6 46. Qe1 g5 47. Qd2 Rg6 48. Rfh1 Rh6 49. Qb2 Rf5 50. Rf1 Qf3+ 51. Kg1 Rg6 52. hxg5 Rfxg5 53. Qd2 h4 54. Rg2 h3 55. Rh2 Rxg3+ 56. fxg3 Rxg3+ 0-1

[Event "SVK-chT2D 10/11"]
[White "Belus, Benjamin"]
[Black "Perhacs, Gejza"]
[Site "Slovakia"]
[Round "1.6"]
[Result "1-0"]
[Date "2010.10.23"]
[WhiteElo "1987"]
[BlackElo "2015"]
[PlyCount "57"]
[EventDate "2010.10.23"]
[EventType "team-tourn"]
[EventRounds "11"]
[EventCountry "SVK"]
[SourceTitle "EXT 2019"]
[Source "ChessBase"]
[SourceDate "2018.10.10"]
[SourceVersion "1"]
[SourceVersionDate "2018.10.10"]
[SourceQuality "1"]
[WhiteTeam "Presov Slavia PU"]
[BlackTeam "Velke Kapusany"]
[WhiteTeamCountry "SVK"]
[BlackTeamCountry "SVK"]

1. e4 c5 2. Nc3 e6 3. g3 d6 4. Bg2 Nf6 5. Nge2 a6 6. d4 cxd4 7. Nxd4 Be7 8. 0-0 0-0 9. Kh1 Qc7 10. f4 Bd7 11. Be3 Nc6 12. Nce2 Rac8 13. c3 Rfd8 14. Rc1 d5 15. Nxc6 Bxc6 16. e5 Ne4 17. Nd4 Bd7 18. g4 b5 19. Rf3 f6 20. exf6 Bxf6 21. g5 Be7 22. Qe1 Bd6 23. Qh4 e5 24. fxe5 Bxe5 25. Rcf1 Qd6 26. Rf7 Rf8 27. Qh5 Qg6 28. Qxg6 hxg6 29. Rxd7 1-0

[Event "SVK-chT2D 0910"]
[White "Fecko, Juraj"]
[Black "Perhacs, Gejza"]
[Site "Slovakia"]
[Round "5.5"]
[Result "0-1"]
[Date "2009.12.12"]
[WhiteElo "1902"]
[BlackElo "1994"]
[PlyCount "82"]
[EventDate "2009.10.10"]
[EventType "team"]
[EventRounds "11"]
[EventCountry "SVK"]
[SourceTitle "EXT 2011"]
[Source "ChessBase"]
[SourceDate "2010.11.26"]
[SourceVersion "1"]
[SourceVersionDate "2010.11.26"]
[SourceQuality "1"]
[WhiteTeam "Michalovce Zemplin II"]
[BlackTeam "Velke Kapusany"]
[WhiteTeamCountry "SVK"]
[BlackTeamCountry "SVK"]

1. e4 c5 2. Nf3 e6 3. d4 cxd4 4. Nxd4 a6 5. Be2 b5 6. 0-0 Bb7 7. Bf3 Qc7 8. Re1 d6 9. Nc3 Nf6 10. Bg5 Be7 11. Bxf6 gxf6 12. Bh5 Qc5 13. Qd2 Nc6 14. Nxc6 Qxc6 15. Bf3 h5 16. Re3 Rd8 17. Rae1 Qc5 18. a3 Rg8 19. Qe2 h4 20. Nd5 h3 21. Rc3 Qd4 22. Nxe7 Kxe7 23. Rc7+ Rd7 24. Rxd7+ Kxd7 25. Rd1 Qxb2 26. g3 Qxa3 27. Rd3 Qa1+ 28. Rd1 Qe5 29. Qe3 Rc8 30. Qa7 Rc7 31. Qb6 Qc5 32. Qa5 Qxc2 33. Qb6 Qc5 34. Qa5 b4 35. Qa1 Qc3 36. Qxc3 Rxc3 37. Bg4 Bxe4 38. Bxh3 b3 39. Bg2 Bg6 40. h4 b2 41. h5 Bxh5 0-1